| 000 | 00747nam a2200229Ia 4500 | ||
|---|---|---|---|
| 003 | GCL | ||
| 008 | 140319s9999 xx 000 0 ara d | ||
| 040 |
_aGCL / _cGCL |
||
| 082 | 0 | 4 |
_aق _b962 _bق د |
| 100 | 1 | _aفوزى جرجس | |
| 245 | 1 | 0 |
_aدراسة فى تاريخ مصر السياسى منذ العصر المملوكى / _cفوزى جرجس |
| 260 |
_a[S.N] : _bالعربى للنشر والتوزيع |
||
| 300 | _a270 ص | ||
| 490 | _a | ||
| 650 | 0 | 4 | _aمصر |
| 650 | 0 | 4 | _aتاريخ |
| 650 | 0 | 4 | _aالاحوال الاجتماعية |
| 650 | 0 | 4 | _aالاحوال السياسية |
| 650 | 0 | 4 | _aدولة المماليك |
| 650 | 0 | 4 | _aالعالم العربى - تاريخ - العصر العثمانى |
| 942 |
_2ddc _cBK |
||
| 999 |
_c57885 _d57885 |
||